• 首页
  • 本馆介绍
  • 公告通知
  • 最新文献
  • 馆藏检索
  • 电子资源
  • 读者导购
  • 参考咨询
  • 我的图书馆
  • 登录
  • 详细信息显示
  • 放入我的书架
  • 预约/预借图书
  • 作者相关作品
  • 分类相关作品
  • 丛书相关作品
  • 出版社相关作品

书目信息

  • 表格格式
  • 工作单格式
  • 卡片格式
题名:
国际贸易中的战略性环境政策研究
    
 
作者: 何欢浪 著
分册:  
出版信息: 北京   经济管理出版社  2015
页数: 156页
开本: 24cm
丛书名:
单 册:
中图分类: F741
科图分类:
主题词: 国际贸易政策--Guo Ji Mao Yi Zheng Ce--环境政策--研究
电子资源:
ISBN: 978-7-5096-3648-0
000 01264nam0 22002531 450
001 349590
005 20161009104637.70
010    @a978-7-5096-3648-0@dCNY38.00
100    @a20150512d2015 em y0chiy50 ea
101 0  @achi
102    @aCN@b110000
105    @ay z 000yy
106    @ar
200 1  @a国际贸易中的战略性环境政策研究@AGuo Ji Mao Yi Zhong De Zhan Lue Xing Huan Jing Zheng Ce Yan Jiu@dResearch on strategic environmental policy in international trade@f何欢浪著@zeng
210    @a北京@c经济管理出版社@d2015
215    @a156页@d24cm
300    @a上海对外经济贸易大学高等研究院 世界经济研究所支持 国家自然科学基金资助
330    @a本书主要就以下两个问题做了阐释:第一是不同环境政策对企业出口的影响和一国最优环境政策的制定,当不同国家采用相同环境标准时,不同的环境政策对企业国际竞争力和减排技术创新的影响;第二,本书将纵向关联市场引入战略性环境政策中,分析具有纵向关联市场时战略性环境政策的变化,主要讨论上游分别是环保产业和“两高一资”产业时一国环境政策的确定。
510 1  @aResearch on strategic environmental policy in international trade@zeng
606 0  @a国际贸易政策@AGuo Ji Mao Yi Zheng Ce@x环境政策@x研究
690    @aF741@v5
701  0 @a何欢浪@AHe Huan Lang@4著
801  0 @aCN@bTANGWEI@20160730
905    @b0885775-9@dF741@e182@f5
    
    国际贸易中的战略性环境政策研究=Research on strategic environmental policy in international trade/何欢浪著.-北京:经济管理出版社,2015
    156页;24cm
    上海对外经济贸易大学高等研究院 世界经济研究所支持 国家自然科学基金资助
    
    ISBN 978-7-5096-3648-0:CNY38.00
    本书主要就以下两个问题做了阐释:第一是不同环境政策对企业出口的影响和一国最优环境政策的制定,当不同国家采用相同环境标准时,不同的环境政策对企业国际竞争力和减排技术创新的影响;第二,本书将纵向关联市场引入战略性环境政策中,分析具有纵向关联市场时战略性环境政策的变化,主要讨论上游分别是环保产业和“两高一资”产业时一国环境政策的确定。
●
相关链接 在E读中查询图书 在五车中查询图书 在当当中查询图书 在豆瓣中查询图书


正题名:国际贸易中的战略性环境政策研究     索取号:F741/182         预约/预借

序号 登录号 条形码 馆藏地/架位号 状态 备注
1 0885775   208857753   第一样本阅览室/ [索取号:F741/182] 在馆    
2 0885776   208857762   第一借阅区/ [索取号:F741/182] 在馆    
3 0885777   208857771   第一借阅区/ [索取号:F741/182] 在馆    
4 0885778   208857780   第一借阅区/ [索取号:F741/182] 在馆    
5 0885779   208857799   密集书库-海洋学院/ [索取号:F741/182] 在馆    
唐山师范学院图书馆 欢迎您!
大连网信软件有限公司© 版权所有